Machinery alignment tables: faced-OD and reverse indicator methods (Record no. 82275)
[ view plain ]
| 000 -LEADER | |
|---|---|
| fixed length control field | 00815nam a2200193 a 4500 |
| 008 - FIXED-LENGTH DATA ELEMENTS--GENERAL INFORMATION | |
| fixed length control field | 120416s1984 ||||||||||||||||| || u |
| 020 ## - INTERNATIONAL STANDARD BOOK NUMBER | |
| International Standard Book Number | 0872010155 |
| 050 ## - LIBRARY OF CONGRESS CALL NUMBER | |
| Classification number | TJ 177.5 Buc |
| 100 ## - MAIN ENTRY--PERSONAL NAME | |
| Personal name | Buck, Gordon S |
| 245 10 - TITLE STATEMENT | |
| Title | Machinery alignment tables: faced-OD and reverse indicator methods |
| 260 ## - PUBLICATION, DISTRIBUTION, ETC. | |
| Place of publication, distribution, etc. | Houston: |
| Name of publisher, distributor, etc. | Gulf Publishing |
| Date of publication, distribution, etc. | 1984 |
| 300 ## - PHYSICAL DESCRIPTION | |
| Extent | xvii, variant pagings : ill. |
| 350 ## - | |
| -- | 0.00 |
| 650 #7 - SUBJECT ADDED ENTRY--TOPICAL TERM | |
| Topical term or geographic name entry element | TECHNOLOGY |
| Source of heading or term | fast |
| 650 #0 - SUBJECT ADDED ENTRY--TOPICAL TERM | |
| Topical term or geographic name entry element | MACHINE DESIGN |
| 650 ## - SUBJECT ADDED ENTRY--TOPICAL TERM | |
| Topical term or geographic name entry element | MACHINE--TOOLS |
| 995 ## - | |
| -- | MAIN LIBRARY OPEN ACCESS |
| -- | 0.00 |
| -- | 731769 |
| -- | CBU-MAIN LIBRARY (Kitwe) |
| -- | 1 |
| -- | 50.00 |
| -- | TJ 177.5 Buc |
| -- | 1 |
| -- | AVAILABLE |
| -- | 029366 |
| -- | Main Library Open Access Collection |
| 995 ## - | |
| -- | MAIN LIBRARY OPEN ACCESS |
| -- | 0.00 |
| -- | 731768 |
| -- | CBU-MAIN LIBRARY (Kitwe) |
| -- | 2 |
| -- | 50.00 |
| -- | TJ 177.5 Buc |
| -- | 2 |
| -- | AVAILABLE |
| -- | 029330 |
| -- | Main Library Open Access Collection |
| 999 ## - | |
| -- | 82275 |
| -- | 82275 |
| Withdrawn status | Lost status | Source of classification or shelving scheme | Damaged status | Not for loan | Permanent Location | Current Location | Shelving location | Date acquired | Total Checkouts | Full call number | Barcode | Date last seen | Copy number | Price effective from | Koha item type |
|---|---|---|---|---|---|---|---|---|---|---|---|---|---|---|---|
| CBU-MAIN LIBRARY, KITWE. | CBU-MAIN LIBRARY, KITWE. | 09/27/2023 | TJ 177.5 Buc | 029366 | 09/27/2023 | 1 | 09/27/2023 | MONOGRAPH | |||||||
| CBU-MAIN LIBRARY, KITWE. | CBU-MAIN LIBRARY, KITWE. | 09/27/2023 | TJ 177.5 Buc | 029330 | 09/27/2023 | 2 | 09/27/2023 | MONOGRAPH |